000 00514nam a2200217Ia 4500
003 OSt
005 20221005114240.0
006 a|||||r|||| 00| 0
007 ta
008 221004b |||||||| |||| 00| 0 eng d
024 _a118842
037 _cTextual
040 _aCRL
_cCRL
_beng
041 _2eng
_aeng
100 _aPathak Shiv Sahaey
245 0 _aApbransh
_b Bhasha aur Vyakaran
260 _c1976
650 _aSANSKRIT
942 _cTEXL
_2cc
999 _c1030749
_d1030749